000
00329nam a2200133Ia 4500
005
20251222141904.0
008
251222s9999||||xx |||||||||||||| ||spa||
020
_a
950--808-377-8
082
_a
371.26/B59
100
_a
Bixio, Cecilia
245
0
_a
Cómo Planificar y Evaluar en el Aula:
264
_b
Homo Sapiens
942
_c
LIB
999
_c
8157
_d
8157